Not-So-Populated World Capitals Quiz Stats

 Plays Quiz not verified by Sporcle

Score 0/34 Timer 04:00
0 Plays Today
Largest City Country % Correct
SydneyAustralia
100%
TorontoCanada
97.3%
Sao PauloBrazil
96.2%
MumbaiIndia
96.2%
Belize CityBelize
95.6%
ShanghaiChina
95.1%
AucklandNew Zealand
93.4%
JohannesburgSouth Africa
93.4%
IstanbulTurkey
92.9%
KarachiPakistan
92.3%
ZurichSwitzerland
90.7%
CasablancaMorocco
90.2%
Santa CruzBolivia
88%
Quezon CityPhilippines
88%
Ho Chi Minh CityVietnam
88%
LagosNigeria
86.3%
DubaiUAE
86.3%
Largest City Country % Correct
SerravalleSan Marino
84.7%
GuayaquilEcuador
82%
New York CityUnited States of America
80.9%
ColomboSri Lanka
79.2%
OmdurmanSudan
73.2%
SchaanLiechtenstein
72.7%
Yangon (Rangoon)Myanmar
69.4%
AlmatyKazakhstan
68.3%
BirkirkaraMalta
66.1%
Dar es SalaamTanzania
66.1%
San FernandoTrinidad and Tobago
62.8%
AbidjanCote d'Ivoire
52.5%
BlantyreMalawi
52.5%
ManziniSwaziland
51.9%
CotonouBenin
50.8%
WenoMicronesia
42.6%
KororPalau
41.5%

You're not logged in!

Compare scores with friends on all Sporcle quizzes.
OR
Log In

Show Comments

Extras

Top Quizzes Today


Score Distribution

Your Account Isn't Verified!

In order to create a playlist on Sporcle, you need to verify the email address you used during registration. Go to your Sporcle Settings to finish the process.

Report this User

Report this user for behavior that violates our Community Guidelines.

Details: